Obstetric and Gynaecological ultrasound : (Record no. 358482)
[ view plain ]
| 000 -LEADER | |
|---|---|
| fixed length control field | 00505nam a2200145Ia 4500 |
| 008 - FIXED-LENGTH DATA ELEMENTS--GENERAL INFORMATION | |
| fixed length control field | 180901s9999 xx 000 0 und d |
| 020 ## - INTERNATIONAL STANDARD BOOK NUMBER | |
| International Standard Book Number | 9780702031700 |
| 100 ## - MAIN ENTRY--PERSONAL NAME | |
| Personal name | Chudleigh,Trish. |
| 245 ## - TITLE STATEMENT | |
| Statement of responsibility, etc | Trish Chudleigh, Alison Smith, Sonia Cumming.-- |
| Title | Obstetric and Gynaecological ultrasound : |
| Remainder of title | how, why and when / |
| 250 ## - EDITION STATEMENT | |
| Edition statement | 4th ed |
| 260 ## - PUBLICATION, DISTRIBUTION, ETC. (IMPRINT) | |
| Place of publication, distribution, etc | USA : |
| Name of publisher, distributor, etc | Elesevier Ltd. |
| Date of publication, distribution, etc | 2017 |
| 300 ## - PHYSICAL DESCRIPTION | |
| Extent | xv, 496 pages. |
| 650 ## - SUBJECT ADDED ENTRY--TOPICAL TERM | |
| Topical term or geographic name as entry element | Generative organs, Female--Ultrasonic imaging. |
| 650 ## - SUBJECT ADDED ENTRY--TOPICAL TERM | |
| Topical term or geographic name as entry element | Ultrasonics in obstetrics. |
| Withdrawn status | Lost status | Damaged status | Home library | Current library | Shelving location | Date acquired | Source of acquisition | Total Checkouts | Full call number | Barcode | Date last seen | Price effective from | Koha item type |
|---|---|---|---|---|---|---|---|---|---|---|---|---|---|
| South SEED-LPDH College Library | South SEED-LPDH College Library | South SEED-LPDH College Section | 09/01/2018 | Library Fund | RG 527.5.U48 .C559 2017 | SSLC1735 | 09/01/2018 | 09/01/2018 | Books |